Statistics for Easy quiz fast typing

Click here to take the quiz!

General Stats

  • This quiz has been taken 192 times
  • The average score is 6 of 7

Answer Stats

HintAnswer% Correct
What colour is a snowflake?White
100%
Donald Trump resides in what colour house?White
98%
What coulour is a snowman?White
93%
Azebra is Black and _______?White
88%
What colour is a chefs hat?White
80%
Jaws was a Great _______ shark?White
73%
What do cows drink?Water
29%

Score Distribution

Percentile by Number Answered

Percent of People with Each Score

Your Score History

You have not taken this quiz